Nulidades dos atos administrativos de trńsito

Detalles Bibliográficos
Autor principal: Matos, Alexandre
Formato: eBook
Lenguaje:portugués
Publicado: San Pablo: Letras Jurídicas Editora, 2019
Materias:
Acceso en línea:Acceso restringido

MARC

LEADER 00000nam a22000007a 4500
005 20200806004147.0
007 cr|||| ||||
008 200806s2019 br |||||s|||| 00||0 por d
020 |a 978-85-8248-136-3 
035 |a 31910 
040 |a vLex 
090 |c 10719  |d 10719 
100 1 |a Matos, Alexandre 
245 1 0 |a Nulidades dos atos administrativos de trńsito  |h [Recurso electrn̤ico] /  |c Alexandre Matos 
256 |a Servicio en ln̕ea 
260 |a San Pablo:  |b Letras Jurídicas Editora,  |c 2019 
300 |a 1 recurso electrn̤ico 
500 |a Uma anl̀ise do direito de trńsito e dos seus temas mais relevantes. 
506 1 |a Disponible solo en los productos indicados  |d vLex Global  |d vLex Global (Academic Edition, excluding Law Schools)  |d vLex Global (U.S. Academic Edition, Law Schools)  |d vLex Global (U.S. Academic Edition, excluding Law Schools)  |d vLex Global (Academic Edition, Law Schools) 
650 0 4 |a Derecho Pb︢lico y Administrativo  |z Brasil 
740 0 |a vLex Libros (Servicio en ln̕ea) 
856 4 0 |u http://vlex.com/source/nulidades-atos-administrativos-tr-nsito-31910  |z Acceso restringido 
942 |c BOOK 
999 0 |a Public and Administrative Law